000 01133cab a22001935a 4500
001 L151646
008 101123e20101119xxk 000 0 eng d
035 _a(Sirsi) u151646
041 0 _aeng
100 1 _aHatcher, David
245 0 0 _aMarkets
_bEast Midlands
260 _c2010
490 0 _aProperty Week
_v76(46) 19 November 2010, 59-66 (5)
520 _aDerby City Council launches £10m regeneration scheme to restart stalled city developments and despite cash constraints will refurbish its Council House HQ. Cedar House Investments has secured a 20 000 sq ft prelet on Derby's Pride Park. Goodman has spent £20m on infrastructure and remediation works at its Derby Commercial Park. Westfield will make £40m of improvements to its Broadmarsh Shopping Centre in Nottingham. Pricing has become tricky in the region's secondary property market. Development has started on MF Strawson and Asda's Beaumond Cross regeneration scheme in Newark. Nottingham's Science Park is nearly fully occupied.
590 _aKA
651 4 _aEast Midlands
690 _aPROPERTY-COMMERCIAL PROPERTY-COMMERCIAL PROPERTY MARKET
942 _n0
999 _c82830
_d82830